000 00977cam a2200289 a 4500
003 EG-GiCUC
008 140610s2002 fr g 000 0afre
020 _a2200250592
020 _a9782200250591
040 _aEG-GiCUC
_bfre
_cEG-GiCUC
092 0 4 _a848.91409
_bT534
_221
099 _a04
_a848.91409 T534
100 1 _aThumerel, Fabrice.
245 1 3 _aLe champ litteraire franca̧is au XXe siec̀le :
_belements pour une sociologie de la litterature /
_cFabrice Thumerel.
260 _aParis :
_bA. Colin,
_cc2002.
300 _a235 p. ;
_c24 cm.
490 1 _aCollection U.;Lettres.
504 _aIncludes bibliographical references (p. [211]-220) and index.
600 1 0 _aBourdieu, Pierre,
_d1905-1980
_xInfluence.
600 1 0 _aSartre, Jean-Paul,
_d1905-1980.
650 0 _aAuthors, French
_y20th century
_vBiography.
700 1 _aSartre, Jean-Paul,
_d1905-1980
_tNausee.
902 _a1
905 _aEman
_eRev.
905 _aJamal
_eCat.
942 _2ddc
_cBK
999 _c133850
_d133850